<?xml version="1.0" encoding="UTF-8"?>
<record
    xmlns:xsi="http://www.w3.org/2001/XMLSchema-instance"
    xsi:schemaLocation="http://www.loc.gov/MARC21/slim http://www.loc.gov/standards/marcxml/schema/MARC21slim.xsd"
    xmlns="http://www.loc.gov/MARC21/slim">

  <leader>01650nam a2200421 a 4500</leader>
  <controlfield tag="005">20240327091400.0</controlfield>
  <controlfield tag="008">100805e1997||||ag 01  f01   s  sp spa  </controlfield>
  <datafield tag="020" ind1=" " ind2=" ">
    <subfield code="a">9507861475</subfield>
  </datafield>
  <datafield tag="041" ind1=" " ind2=" ">
    <subfield code="a">spa</subfield>
  </datafield>
  <datafield tag="092" ind1=" " ind2=" ">
    <subfield code="c">149.7</subfield>
    <subfield code="l">51</subfield>
    <subfield code="s">MAL</subfield>
  </datafield>
  <datafield tag="100" ind1="1" ind2=" ">
    <subfield code="a">Maliandi, Ricardo</subfield>
    <subfield code="9">963</subfield>
  </datafield>
  <datafield tag="245" ind1=" " ind2=" ">
    <subfield code="a">Volver a la raz&#xF3;n /</subfield>
    <subfield code="c">Ricardo, Maliandi</subfield>
  </datafield>
  <datafield tag="250" ind1=" " ind2=" ">
    <subfield code="a">1a ed.</subfield>
  </datafield>
  <datafield tag="260" ind1=" " ind2=" ">
    <subfield code="a">Buenos Aires: </subfield>
    <subfield code="b">Biblos;</subfield>
    <subfield code="c">1997.</subfield>
  </datafield>
  <datafield tag="300" ind1=" " ind2=" ">
    <subfield code="a">200 p.</subfield>
    <subfield code="c">23 x16 cm</subfield>
  </datafield>
  <datafield tag="500" ind1=" " ind2=" ">
    <subfield code="a">Maliandi, R. (1997). Volver a la raz&#xF3;n. (1a ed.). Buenos Aires : Biblios.</subfield>
  </datafield>
  <datafield tag="590" ind1=" " ind2=" ">
    <subfield code="a">Donaci&#xF3;n Dora Vera,febrero 2017</subfield>
  </datafield>
  <datafield tag="653" ind1=" " ind2=" ">
    <subfield code="a">Proleg&#xF3;menos para una cr&#xED;tica de la raz&#xF3;n unidimensional</subfield>
  </datafield>
  <datafield tag="653" ind1=" " ind2="3">
    <subfield code="a">La insoportable gravedad del logos</subfield>
  </datafield>
  <datafield tag="653" ind1=" " ind2=" ">
    <subfield code="a">Irracionalismo y posmodernidad</subfield>
  </datafield>
  <datafield tag="653" ind1=" " ind2=" ">
    <subfield code="a">Cr&#xED;tica y conflictividad</subfield>
  </datafield>
  <datafield tag="653" ind1=" " ind2="3">
    <subfield code="a">El derecho a la cr&#xED;tica</subfield>
  </datafield>
  <datafield tag="653" ind1=" " ind2=" ">
    <subfield code="a">Pluralismo light y pluralismo fuerte</subfield>
  </datafield>
  <datafield tag="653" ind1=" " ind2=" ">
    <subfield code="a">Raz&#xF3;n y conflictividad</subfield>
  </datafield>
  <datafield tag="653" ind1=" " ind2=" ">
    <subfield code="a">Cinco tesis sobre la racionalidad de la acci&#xF3;n</subfield>
  </datafield>
  <datafield tag="653" ind1=" " ind2="3">
    <subfield code="a">La cuadruple relaci&#xF3;n entre logos y pathos </subfield>
  </datafield>
  <datafield tag="653" ind1=" " ind2="3">
    <subfield code="a">La versi&#xF3;n kantiana de la raz&#xF3;n perezosa </subfield>
  </datafield>
  <datafield tag="653" ind1=" " ind2=" ">
    <subfield code="a">Raz&#xF3;n dial&#xF3;gica</subfield>
  </datafield>
  <datafield tag="653" ind1=" " ind2=" ">
    <subfield code="a">Autocontradicciones performativas</subfield>
  </datafield>
  <datafield tag="653" ind1=" " ind2=" ">
    <subfield code="a">M&#xE1;s ac&#xE1; de lo emp&#xED;rico. El concepto de lo a priori y el paradigma de la conciencia</subfield>
  </datafield>
  <datafield tag="653" ind1=" " ind2="3">
    <subfield code="a">La pr&#xE1;gmatica transcendental de Karl- Otto Apel</subfield>
  </datafield>
  <datafield tag="653" ind1=" " ind2=" ">
    <subfield code="a">Verdad, falibilismo y fundamentaci&#xF3;n </subfield>
  </datafield>
  <datafield tag="653" ind1=" " ind2="3">
    <subfield code="a">El trilema de Arist&#xF3;fanes y los presupuestos normativos del di&#xE1;logo critico</subfield>
  </datafield>
  <datafield tag="653" ind1=" " ind2=" ">
    <subfield code="a">Hablar enserio sobre el uso del humor en el discurso pr&#xE1;ctico</subfield>
  </datafield>
  <datafield tag="653" ind1=" " ind2=" ">
    <subfield code="a">Modos de argumentaci&#xF3;n</subfield>
  </datafield>
  <datafield tag="930" ind1=" " ind2=" ">
    <subfield code="a">3765</subfield>
  </datafield>
  <datafield tag="942" ind1=" " ind2=" ">
    <subfield code="2">ddc</subfield>
    <subfield code="c">BK</subfield>
  </datafield>
  <datafield tag="999" ind1=" " ind2=" ">
    <subfield code="c">2320</subfield>
    <subfield code="d">2320</subfield>
  </datafield>
  <datafield tag="952" ind1=" " ind2=" ">
    <subfield code="0">0</subfield>
    <subfield code="1">0</subfield>
    <subfield code="2">ddc</subfield>
    <subfield code="4">0</subfield>
    <subfield code="7">0</subfield>
    <subfield code="a">BFM</subfield>
    <subfield code="b">BFM</subfield>
    <subfield code="c">CR</subfield>
    <subfield code="d">2017-02-22</subfield>
    <subfield code="e">Donaci&#xF3;n Dora Vera, febrero 2017.</subfield>
    <subfield code="l">0</subfield>
    <subfield code="o">149.7 51 MAL</subfield>
    <subfield code="p">3765</subfield>
    <subfield code="r">2017-02-22</subfield>
    <subfield code="t">Ej. 1</subfield>
    <subfield code="w">2017-02-22</subfield>
    <subfield code="y">BK</subfield>
    <subfield code="z">Donaci&#xF3;n Dora Vera, febrero 2017.</subfield>
  </datafield>
</record>
